Asociación Latinoamericana de Integración (ALADI) y Mercado Común Centroamericano (MCCA): estadísticas de comercio exterior de manufacturas

Na minha lista:
Detalhes bibliográficos
Autor Corporativo: CEPAL
Formato: Texto
Publicado em: s.l: CEPAL
Tags: Adicionar Tag
Sem tags, seja o primeiro a adicionar uma tag!

MARC

LEADER 00000 a a2200000 04500
001 23773
003
040
090 |a 168100  
110 |a CEPAL  
245 |a Asociación Latinoamericana de Integración (ALADI) y Mercado Común Centroamericano (MCCA): estadísticas de comercio exterior de manufacturas  
260 |a s.l:   |b CEPAL  
300 |a 80 p.   |b **no definido**   |b fonodiscos  
999 |c 4554  |d 4554